| 000 | 01522cam a22004574i 4500 | ||
|---|---|---|---|
| 003 | PE-LiUPU | ||
| 005 | 20250731172719.0 | ||
| 008 | 150617s1979 sp a r 000 0 spa d | ||
| 020 | _a8428506299 | ||
| 035 | _a(Sirsi) i9788428506298 | ||
| 040 |
_aPE-LiUPU _bspa _cPE-LiUPU _erda |
||
| 049 | _aPRUA | ||
| 082 | 0 | 4 |
_a220.6 _bL74 _221 |
| 100 | 1 |
_aLohfink, Gerhard, _d1934-, _eautor. |
|
| 245 | 1 | 0 |
_aAhora entiendo la Biblia : _bcrítica de las formas / _cGerhard Lohfink. |
| 250 | _aSegunda edición. | ||
| 264 | 1 |
_aMadrid : _bPaulinas, _c1979. |
|
| 300 |
_a253 páginas : _bilustraciones ; _c21 centímetros. |
||
| 336 |
_atext _2rdacontent |
||
| 337 |
_aunmediated _2rdamedia |
||
| 338 |
_avolume _2rdacarrier |
||
| 505 | 0 | _aLas formas estereotipadas en la vida cotidiana y en la literarura -- ¿Qué es la crítica de las formas? -- Las formas estereotipadas de la Biblia -- Cómo leer las formas bíblicas. | |
| 526 | _aSEG42 | ||
| 526 | _aSEG41 | ||
| 526 | _aSEG40 | ||
| 526 | _aSEG39 | ||
| 526 | _aP94 | ||
| 526 | _aP87 | ||
| 526 | _aP86 | ||
| 526 | _aP85 | ||
| 526 | _aP77 | ||
| 526 | _aP76 | ||
| 526 | _aP35 | ||
| 630 | 1 | 4 |
_aBíblia _xCrítica, interpretació, etc. |
| 630 | 2 | 4 |
_aBíblia _xIntroducciones. _92045 |
| 910 | _ajck | ||
| 942 |
_2ddc _cBK |
||
| 949 |
_a220.6 L74 _wDEWEY _c1 _i20349 _lCCODEBUL1 _mBUL _r0 _sY _tBOOK _u2015-6-17 _xTEOLOGIA _0COMPRA _o.STAFF. Colección General |
||
| 999 |
_c1076 _d1076 |
||
| 980 |
_81 _gALBERTO SANCHEZ Responsable de Automatización |
||